000 00485nam a22001937a 4500
003 MPLRDC
005 20220104184010.0
008 210129b ||||| |||| 00| 0 eng d
020 _a986-6786-33-4
082 _a418.91 LM-2
100 _a李敏
245 _a常见病饮食宜忌
_c
250 _a初版一刷
260 _a台湾
_b汉湘文化事业股份有限公司
_c2008
300 _b
490 _a生活馆. 3
650 _a食物治疗
942 _cBK
_o418.91 LM-2
999 _c62663
_d62653